Educational studies and investigations. (Record no. 81082)

MARC details
000 -LEADER
fixed length control field 00649cam a22002291 4500
001 - CONTROL NUMBER
control field sa 68006031
003 - CONTROL NUMBER IDENTIFIER
control field DLC
005 - DATE AND TIME OF LATEST TRANSACTION
control field 20260227112513.0
008 - FIXED-LENGTH DATA ELEMENTS--GENERAL INFORMATION
fixed length control field 710915m19629999ii a b 000 0 eng
010 ## - LIBRARY OF CONGRESS CONTROL NUMBER
LC control number sa 68006031 //r953
025 ## - OVERSEAS ACQUISITION NUMBER
Overseas acquisition number PL480:I-E-2888
040 ## - CATALOGING SOURCE
Original cataloging agency DLC
Transcribing agency DLC
Modifying agency DLC
050 00 - LIBRARY OF CONGRESS CALL NUMBER
Classification number LB1028
Item number .N28
110 20 - MAIN ENTRY--CORPORATE NAME
Corporate name or jurisdiction name as entry element National Council of Educational Research and Training (India)
245 10 - TITLE STATEMENT
Title Educational studies and investigations.
260 1# - PUBLICATION, DISTRIBUTION, ETC.
Place of publication, distribution, etc. [Delhi]
Date of publication, distribution, etc. 1962-
300 ## - PHYSICAL DESCRIPTION
Extent v.
Other physical details illus.
Dimensions 25 cm.
350 ## - PRICE (NR) (BK AM CF MU VM SE) [OBSOLETE]
Price Rs10
410 21 - SERIES STATEMENT/ADDED ENTRY--CORPORATE NAME [OBSOLETE, CAN/MARC], [LOCAL, USA]
Corporate name or jurisdiction name as entry element Its
Title of a work Publication
Volume number/sequential designation no. 565
504 ## - BIBLIOGRAPHY, ETC. NOTE
Bibliography, etc. note Bibliographical footnotes.
650 #0 - SUBJECT ADDED ENTRY--TOPICAL TERM
Topical term or geographic name entry element Education
General subdivision Research.

No items available.

Powered by Koha